| 000 | 00587nam a22002177a 4500 | ||
|---|---|---|---|
| 003 | UA-OsUOA | ||
| 001 | 86583 | ||
| 007 | ta | ||
| 008 | 20120906b un ||||| |||| 00| 0 ukr d | ||
| 090 |
_a94(497.2) _bП99 |
||
| 942 | _cBK | ||
| 040 |
_aUA-OsUOA _brus _cUA-OsUOA _dUA-OsUOA |
||
| 245 | _a15 лет народной Болгарии | ||
| 300 | _a196 с. | ||
| 955 | _a2 | ||
| 041 | _arus | ||
| 080 | _a94(497.2) | ||
| 260 |
_aМ. _bПолитическая литература _c1959 |
||
| 650 | 7 |
_a9 Географія. Біографії. Історія _2UDC |
|
| 999 |
_c372693 _d372693 |
||